|
000
|
00913nam0 2200289 450
|
|
001
|
nydwp9100106
|
|
005
|
20090221093443.0
|
|
010
|
|
@a978-7-5608-2294-5@dCNY48.00
|
|
100
|
|
@a20090216d2008 em y0chiy0120 ea
|
|
101
|
0
|
@achi
|
|
102
|
|
@aCN@b310000
|
|
105
|
|
@aa a 000yy
|
|
106
|
|
@ar
|
|
200
|
1
|
@a建筑细部设计@Ajian zhu xi bu she ji@f陈镌,莫天伟著
|
|
205
|
|
@a第二版
|
|
210
|
|
@a上海@c同济大学出版社@d2008.5
|
|
215
|
|
@a287页@c图@d26cm
|
|
320
|
|
@a有参考文献(284-286页)
|
|
330
|
|
@a本书内容包括细部的缘起与意义、细部的产生部位、细部设计的原则、细部设计的手法、建筑设计中细部的定位等。
|
|
606
|
0
|
@a建筑结构@Ajian zhu jie gou@x细部设计
|
|
606
|
0
|
@a建筑结构@Ajian zhu jie gou
|
|
606
|
0
|
@a细部设计@Axi bu she ji
|
|
690
|
|
@aTU22@v4
|
|
701
|
0
|
@a陈镌@Achen juan@4著
|
|
701
|
0
|
@a莫天伟@Amo tian wei@4著
|
|
801
|
0
|
@aCN@bCDNYKJZYXY@c20090221
|
|
905
|
|
@aCDNYKJZYXY@dTU22@e13@f5
|
|
|
|
|
| |
| 建筑细部设计/陈镌,莫天伟著.-第二版.-上海:同济大学出版社,2008.5 |
| 287页:图;26cm |
| |
| |
| ISBN 978-7-5608-2294-5:CNY48.00 |
| 本书内容包括细部的缘起与意义、细部的产生部位、细部设计的原则、细部设计的手法、建筑设计中细部的定位等。 |
| ● |
正题名:建筑细部设计
索取号:TU22/13
 
预约/预借
| 序号
|
登录号
|
条形码
|
馆藏地/架位号
|
状态
|
备注
|
|
1
|
238893
|
300238893
|
柳城-5楼/36架9列3层/
[索取号:TU22/13]
|
在馆
|
|
|
2
|
238894
|
300238894
|
海科密-1楼/15架1列6层/
[索取号:TU22/13]
|
在馆
|
|
|
3
|
238895
|
300238895
|
柳城-5楼/36架9列3层/
[索取号:TU22/13]
|
在馆
|
|
|
4
|
238896
|
300238896
|
柳城-5楼/36架9列3层/
[索取号:TU22/13]
|
在馆
|
|
|
5
|
238897
|
300238897
|
海科密-1楼/15架1列6层/
[索取号:TU22/13]
|
在馆
|
|